000 00592nam a2200205Ia 4500
005 20250425160647.0
008 250425s9999 xx 000 0 und d
041 _aspa
082 _a361.8
100 _aGALLO E., NORMA
245 0 _aCONSULTA COMUNITARIA, DESARROLLO SOSTENIBLE Y EL BANCO INTERAMERICANO DE DESARROLLO: UN MARCO CONCEPTUAL
250 _a1A ED.
260 _aEstados Unidos
_bS.E.
_c1996
260 _aWASHINGTON
300 _a31
500 _alibro solicitado por ing. victor bastidas - rector
650 _aCOMUNIDAD-ORGANIZACION
942 _c01
010 _a1653
999 _c193625
_d193625